Geometry and Topology
Gorde:
| Egile Nagusiak: | , |
|---|---|
| Formatua: | Liburua |
| Hizkuntza: | ingelesa frantsesa |
| Argitaratua: |
Berlín
Springer-Verlag
1977
|
| Saila: | Lecture Notes in Mathematics, 597
|
| Gaiak: | |
| Etiketak: |
Etiketa erantsi
Etiketarik gabe, Izan zaitez lehena erregistro honi etiketa jartzen!
|
MARC
| LEADER | 00000nam a2200000 a 4500 | ||
|---|---|---|---|
| 001 | UCQ9629 | ||
| 003 | CL-VaPUC | ||
| 008 | 990112e19770000GW |||||||||||||||||eng|d | ||
| 041 | 0 | 7 | |a eng |2 CL-VaPUC |
| 041 | 0 | 7 | |a fre |2 CL-VaPUC |
| 082 | 0 | 4 | |a 516 |b PAL |2 21 |
| 100 | |a Palis, Jacob |e author |9 555715 | ||
| 700 | |a Carmo, Manfredo do |e author |9 424294 | ||
| 245 | 1 | 0 | |a Geometry and Topology |
| 300 | |a 866 p | ||
| 942 | |c BK | ||
| 945 | |d 19990112 00:00:00 |a crobeson | ||
| 260 | |a Berlín |b Springer-Verlag |c 1977 | ||
| 650 | 0 | |a Geometría |9 264063 | |
| 650 | 0 | |a Topología |9 260092 | |
| 650 | 0 | |a Topología algebraica |9 269858 | |
| 650 | 0 | |a Teoría de grupos |9 270028 | |
| 650 | 0 | |a Espacios topológicos |9 360015 | |
| 650 | 0 | |a Geometría diferencial |9 315147 | |
| 650 | 7 | |a MULIFORMES |2 CL-VaPUC |9 424295 | |
| 583 | |a last modification |c 19990112 00:00:00 |k Rodrigo Vera | ||
| 490 | 0 | |a Lecture Notes in Mathematics, 597 | |
| 999 | |c 278617 |d 278615 | ||
| 952 | |0 0 |1 0 |4 0 |6 516_000000000000000_PAL_1977 |7 0 |8 A |9 317261 |a BIBMAT |b BIBMAT |d 2019-11-20 |i 1319027 |o 516 PAL 1977 |p 1319027 |r 2025-01-07 |w 2019-11-20 |y BK |k MAT | ||